[Event "Titled Tue 3rd Jun Early"]
[Site "chess.com INT"]
[Date "2025.06.03"]
[Round "2"]
[White "Arabidze, Meri"]
[Black "Jiganchine, Roman"]
[Result "1-0"]
[WhiteTitle "IM"]
[BlackTitle "CM"]
[WhiteElo "2440"]
[BlackElo "2205"]
[WhiteFideId "13604040"]
[BlackFideId "2603667"]
[EventDate "2025.06.03"]

1. b3 d5 2. Bb2 Bf5 3. c4 c6 4. Nf3 Nd7 5. g3 Ngf6 6. Bg2 h6 7. O-O e6 8. d4 Be7
9. Nc3 O-O 10. e3 Bh7 11. Qe2 Ne4 12. Rfd1 Nxc3 13. Bxc3 Be4 14. Bh3 a5 15. Nd2
Nf6 16. Nxe4 Nxe4 17. Bb2 a4 18. Qc2 a3 19. Bc1 Bb4 20. Bg2 f5 21. f3 Nd6 22.
Bd2 Qa5 23. Bxb4 Qxb4 24. c5 Nb5 25. Rac1 Rae8 26. Bh3 Kh8 27. Qd3 e5 28. Bxf5
exd4 29. e4 dxe4 30. fxe4 Nc3 31. Rd2 Qxc5 32. Kg2 Qe7 33. Rxc3 dxc3 34. Qxc3
Rd8 35. Rf2 Qf6 36. Qc1 Qe5 37. Qxa3 Rf6 38. Qb2 Qxb2 39. Rxb2 Rd1 40. Re2 Rf8
41. h4 1-0

[Event "Titled Tue 3rd Jun Early"]
[Site "chess.com INT"]
[Date "2025.06.03"]
[Round "2"]
[White "Arya G Mallar"]
[Black "Mikhalsky, Vladimir"]
[Result "1-0"]
[WhiteTitle "WCM"]
[WhiteElo "2014"]
[BlackElo "2219"]
[WhiteFideId "25115324"]
[BlackFideId "14144352"]
[EventDate "2025.06.03"]

1. d4 Nf6 2. Nc3 c5 3. d5 g6 4. e4 d6 5. Nf3 Bg4 6. Be2 Bg7 7. Be3 O-O 8. Qd2
Bxf3 9. gxf3 Re8 10. Bh6 Bh8 11. h4 a6 12. h5 b5 13. hxg6 fxg6 14. Qg5 Nbd7 15.
Qh4 b4 16. Na4 Qa5 17. b3 c4 18. Qh3 Nf8 19. Bxc4 Rac8 20. Bd3 e6 21. Be3 exd5
22. Bb6 dxe4 23. Bxa5 exd3+ 24. Kf1 dxc2 25. Rc1 Nd5 26. Nb6 Nf4 27. Qh6 Nd3 28.
Nxc8 Nxc1 29. Qxc1 Rxc8 30. Bxb4 Bb2 31. Qxb2 c1=Q+ 32. Qxc1 Rxc1+ 33. Kg2 Rc2
34. a3 d5 35. Re1 Nd7 36. Re8+ Kf7 37. Re7+ Kf6 38. Rxd7 Rb2 39. Rxd5 1-0

[Event "Titled Tue 3rd Jun Early"]
[Site "chess.com INT"]
[Date "2025.06.03"]
[Round "2"]
[White "Nanugonda, Vishva"]
[Black "Safin Safarullakhan"]
[Result "1-0"]
[BlackTitle "CM"]
[WhiteElo "2135"]
[BlackElo "2109"]
[WhiteFideId "30961335"]
[BlackFideId "33379475"]
[EventDate "2025.06.03"]

1. d4 Nf6 2. c4 e6 3. Nc3 Bb4 4. Qc2 O-O 5. e4 d5 6. e5 Ne4 7. Bd3 c5 8. Ne2
cxd4 9. Nxd4 Nc6 10. Nxc6 bxc6 11. O-O f5 12. exf6 Nxf6 13. Bg5 h6 14. Bf4 Bd6
15. Bxd6 Qxd6 16. Rfe1 e5 17. cxd5 cxd5 18. Nb5 Qe7 19. Qc7 Qxc7 20. Nxc7 Rb8
21. Rxe5 Rxb2 22. f3 Bb7 23. Re7 Rc8 24. Ne6 Re8 25. Rxe8+ Nxe8 26. Rc1 Rxa2 27.
Bg6 Ra6 28. Bxe8 Rxe6 29. Bd7 Rd6 30. Bf5 d4 31. Rc7 Ba6 32. Kf2 d3 33. Rxa7 d2
34. Bc2 Bb5 35. Rb7 Bc6 36. Rb8+ 1-0

[Event "Titled Tue 3rd Jun Early"]
[Site "chess.com INT"]
[Date "2025.06.03"]
[Round "2"]
[White "Sklokin, Sergey"]
[Black "Vidal Melendez, Ismael David"]
[Result "0-1"]
[WhiteTitle "FM"]
[BlackTitle "FM"]
[WhiteElo "2311"]
[BlackElo "2294"]
[WhiteFideId "55730230"]
[BlackFideId "3901718"]
[EventDate "2025.06.03"]

1. d4 d5 2. Nf3 Nf6 3. c4 c6 4. g3 Bf5 5. cxd5 cxd5 6. Bg2 e6 7. O-O Nc6 8. Nc3
Bd6 9. a3 h6 10. b4 Rc8 11. Bb2 O-O 12. Rc1 a5 13. b5 Na7 14. e3 Qe7 15. a4 Ba3
16. Qb3 Bxb2 17. Qxb2 Qb4 18. Qa1 Rc7 19. Na2 Rxc1 20. Rxc1 Qxa4 21. b6 Nc6 22.
Qb2 Ne4 23. Bf1 Nb4 24. Nc3 Nxc3 25. Rxc3 Qd1 26. Qe2 Qxe2 27. Bxe2 a4 28. Bb5
Ra8 29. Ra3 Bc2 30. Ne1 Bb3 31. f3 Kf8 32. Kf2 Ke7 33. Ke2 Ra5 34. Bd3 Kd6 35.
Kd2 Kc6 36. Kc3 Nxd3 37. Nxd3 Kxb6 38. Nc5 Rxc5+ 39. dxc5+ Kxc5 40. Ra1 b5 41.
Kb2 b4 42. e4 d4 43. Rc1+ Bc4 44. Ra1 a3+ 45. Kc1 d3 46. Kd2 Kd4 47. h4 a2 48.
g4 b3 0-1

[Event "Titled Tue 3rd Jun Early"]
[Site "chess.com INT"]
[Date "2025.06.03"]
[Round "2"]
[White "Souleidis, Georgios"]
[Black "Brozynski, Patryk"]
[Result "0-1"]
[WhiteTitle "IM"]
[BlackTitle "CM"]
[WhiteElo "2418"]
[BlackElo "2219"]
[WhiteFideId "4206827"]
[BlackFideId "2512700"]
[EventDate "2025.06.03"]

1. d4 Nf6 2. Nf3 g6 3. e3 Bg7 4. Bd3 O-O 5. O-O d6 6. b3 c5 7. Bb2 Nc6 8. a3 b6
9. Nbd2 Bb7 10. Re1 Rc8 11. c4 e5 12. d5 Ne7 13. b4 h6 14. bxc5 bxc5 15. Qc2 Nd7
16. e4 f5 17. Bc3 Rb8 18. Rab1 Nf6 19. exf5 gxf5 20. Bxf5 Nxf5 21. Qxf5 Qe8 22.
Qd3 Qh5 23. Ne4 Nxe4 24. Rxe4 Ba6 25. Rxb8 Rxb8 26. h3 Rb3 27. a4 Qg6 28. Nd2
Ra3 29. a5 Bc8 30. Re3 Bf5 31. Qe2 Ra4 32. Rg3 Qf7 33. Ne4 Bxe4 34. Qxe4 Ra2 35.
Rf3 Qh5 36. g4 Qe8 37. Qf5 Ra4 38. Qe4 Ra3 39. Kg2 Rb3 40. Bd2 Rxf3 41. Qf4 Rxf4 0-1

[Event "Titled Tue 3rd Jun Early"]
[Site "chess.com INT"]
[Date "2025.06.03"]
[Round "2"]
[White "Popov, Tikhon"]
[Black "Parfenov, Viktor N."]
[Result "1/2-1/2"]
[WhiteTitle "CM"]
[BlackTitle "CM"]
[WhiteElo "2173"]
[BlackElo "2193"]
[WhiteFideId "24252026"]
[BlackFideId "4165969"]
[EventDate "2025.06.03"]

1. e4 e5 2. Nc3 Nf6 3. Rb1 Bc5 4. Nf3 Nc6 5. Bc4 d6 6. d3 a6 7. a4 Bg4 8. Be3
Nd4 9. Bxd4 Bxd4 10. h3 Be6 11. Bxe6 fxe6 12. Nxd4 exd4 13. Ne2 e5 14. O-O O-O
15. f4 Qd7 16. Ng3 g6 17. a5 exf4 18. Rxf4 Rf7 19. Qd2 Raf8 20. Rbf1 Qe7 21. Qb4
c5 22. Qb3 Kg7 23. c3 dxc3 24. bxc3 Ne8 25. Rxf7+ Rxf7 26. Rb1 Qe5 27. Ne2 Nf6
28. Rf1 Qe7 29. Nf4 Nh5 30. Nxh5+ gxh5 31. Rxf7+ Qxf7 32. Qb6 Qe7 33. Qb2 h4 34.
c4+ Kg6 35. Qf2 Qf6 36. Qe1 Qf4 37. Qd1 h5 38. Kh1 Qf2 39. Qb1 Kg5 40. Qc1+ Qf4
41. Qe1 Qg3 42. Qf1 Qf4 43. Qe2 Qc1+ 44. Kh2 Qf4+ 45. Kg1 Qc1+ 46. Kf2 Qf4+ 47.
Ke1 Qc1+ 48. Qd1 Qe3+ 49. Qe2 Qc1+ 50. Kf2 Qf4+ 51. Qf3 Qd2+ 52. Kg1 Qc1+ 53.
Kf2 Qd2+ 54. Kf1 Qc1+ 55. Ke2 Qc2+ 56. Ke1 Qc1+ 57. Ke2 Qc2+ 58. Ke3 Qc1+ 59.
Kf2 Qd2+ 1/2-1/2

[Event "Titled Tue 3rd Jun Early"]
[Site "chess.com INT"]
[Date "2025.06.03"]
[Round "2"]
[White "Kourkoulos-Arditis, Stamatis"]
[Black "Ismagilov, Damir"]
[Result "0-1"]
[WhiteTitle "GM"]
[BlackTitle "CM"]
[WhiteElo "2580"]
[BlackElo "2173"]
[WhiteFideId "4221990"]
[BlackFideId "34199982"]
[EventDate "2025.06.03"]

1. e4 c5 2. Nf3 d6 3. Bb5+ Nd7 4. c3 Nf6 5. Bd3 g6 6. O-O Bh6 7. Re1 Ne5 8. Bb5+
Bd7 9. Bxd7+ Qxd7 10. d4 Nxf3+ 11. Qxf3 Bxc1 12. Rxc1 O-O 13. Nd2 cxd4 14. cxd4
Rac8 15. h3 h5 16. Qa3 a6 17. Qb4 Rxc1+ 18. Rxc1 Rc8 19. Rc3 Rxc3 20. bxc3 Qc6
21. f3 b5 22. Qa5 Kg7 23. h4 Nd7 24. Kh2 Qb6 25. Qb4 Nb8 26. Nc4 Qc7 27. Ne3 Nc6
28. Qb2 Na5 29. Nd5 Qd8 30. Qf2 e6 31. Nb4 Qc8 32. Qe3 Nc4 33. Qd3 a5 34. Nc2
Qd8 35. g3 d5 36. Na1 a4 37. Nc2 Qf6 38. Kg2 g5 39. hxg5 Qxg5 40. f4 Qg4 41.
exd5 exd5 42. Nb4 Qe6 43. Qf3 Qe1 44. Nxd5 Nd2 45. Qe3 Qf1+ 46. Kh2 Nf3+ 0-1

[Event "Titled Tue 3rd Jun Early"]
[Site "chess.com INT"]
[Date "2025.06.03"]
[Round "2"]
[White "Ostensen, Nicolai Maxime"]
[Black "Melaugh, Shane"]
[Result "1-0"]
[WhiteTitle "FM"]
[BlackTitle "CM"]
[WhiteElo "2283"]
[BlackElo "2190"]
[WhiteFideId "1546970"]
[BlackFideId "2509580"]
[EventDate "2025.06.03"]

1. e4 e6 2. d4 d5 3. Nd2 dxe4 4. Nxe4 Nf6 5. Bd3 Nbd7 6. Nf3 Be7 7. O-O Nxe4 8.
Bxe4 Nf6 9. Bd3 O-O 10. c3 b6 11. Bf4 Bb7 12. Qe2 h6 13. h3 c5 14. Rad1 cxd4 15.
Nxd4 Bd6 16. Nxe6 fxe6 17. Qxe6+ Kh8 18. Qxd6 Qc8 19. Rfe1 Nd5 20. Bg3 Rf6 21.
Qe5 Qf8 22. c4 Nf4 23. Bf1 Rc8 24. b3 Ne6 25. Rd6 Re8 26. Qh5 Re7 27. Bh4 Nf4
28. Rxf6 gxf6 29. Qd1 Rg7 30. Bg3 Qc5 31. Re8+ Kh7 32. Qc2+ f5 33. Bxf4 Be4 34.
Qe2 Qc6 35. Rxe4 fxe4 36. Qe3 Rd7 37. g4 Qe6 38. Bg2 Re7 39. Kh2 Qf6 40. Bxe4+
Kg8 41. f3 Rf7 42. Kg3 Kg7 43. Bd5 Re7 44. Bxh6+ Kg6 45. Be4+ Kf7 46. Bg5 Qd6+
47. Qf4+ Qxf4+ 48. Kxf4 Rd7 49. h4 Rd2 50. h5 Rxa2 51. h6 Rh2 52. h7 Kg7 53. Ke5
a5 54. Bf6+ Kf7 55. h8=Q Rxh8 56. Bxh8 1-0

[Event "Titled Tue 3rd Jun Early"]
[Site "chess.com INT"]
[Date "2025.06.03"]
[Round "2"]
[White "Vlassov, Nikolai"]
[Black "Bernat, David"]
[Result "0-1"]
[WhiteTitle "IM"]
[WhiteElo "2291"]
[BlackElo "1917"]
[WhiteFideId "4103360"]
[BlackFideId "2099225"]
[EventDate "2025.06.03"]

1. e4 c5 2. c3 g6 3. d4 cxd4 4. cxd4 d5 5. e5 Bg7 6. Nc3 a6 7. Bf4 Nc6 8. Qd2 f6
9. Nf3 Bg4 10. Be2 e6 11. O-O Bxf3 12. Bxf3 fxe5 13. dxe5 Nge7 14. Rfe1 O-O 15.
Bg4 Nf5 16. Bg5 Qe8 17. f4 h6 18. Bf6 Bxf6 19. exf6 Rd8 20. Bxf5 gxf5 21. Rad1
Qf7 22. Re3 Qxf6 23. Rde1 d4 24. Rg3+ Kh7 25. Ne2 e5 26. fxe5 Qxe5 27. Nf4 Qc5
28. Ne6 Qb4 29. Nxf8+ Rxf8 30. Qf4 Qxe1+ 31. Qf1 Qxf1+ 32. Kxf1 Ne5 33. Ke2 d3+
34. Kd2 b5 35. b3 f4 36. Rh3 f3 37. gxf3 Rxf3 38. Rh5 Rf2+ 39. Kc3 Rc2+ 40. Kb4
d2 41. Rxe5 d1=Q 42. Re7+ Kg6 43. Re6+ Kf5 44. Rxa6 Qd4+ 45. Kxb5 Qd3+ 46. Kb6
Rc6+ 47. Kxc6 Qxa6+ 48. Kc5 Qxa2 0-1

[Event "Titled Tue 3rd Jun Early"]
[Site "chess.com INT"]
[Date "2025.06.03"]
[Round "2"]
[White "Sindarov, Islombek"]
[Black "Gattani, Sarthak"]
[Result "1-0"]
[WhiteTitle "CM"]
[WhiteElo "2129"]
[BlackElo "1869"]
[WhiteFideId "14205475"]
[BlackFideId "30995965"]
[EventDate "2025.06.03"]

1. c4 e6 2. g3 d5 3. cxd5 exd5 4. Bg2 Nf6 5. Nf3 c6 6. O-O Bd6 7. d3 O-O 8. b3
Nbd7 9. Bb2 Re8 10. Nbd2 a5 11. e4 dxe4 12. dxe4 Bf8 13. Qc2 a4 14. Rad1 a3 15.
Ba1 Qc7 16. Rfe1 g6 17. e5 Nd5 18. Ne4 N7b6 19. Nd6 Rd8 20. Ng5 Bxd6 21. exd6
Qxd6 22. Ne4 Qf8 23. Qd2 Bf5 24. Qd4 f6 25. Nxf6+ Nxf6 26. Qxf6 Qxf6 27. Bxf6
Re8 28. Rxe8+ Rxe8 29. Bf1 Kf7 30. Bd4 Rd8 31. Be2 Nd5 32. Bc5 Rd7 33. Bxa3 Nc3
34. Bc4+ Ke8 35. Re1+ Kd8 36. Bb4 Nd5 37. Ba5+ b6 38. Bxd5 bxa5 39. Bxc6 Rd2 40.
a3 h5 41. b4 axb4 42. axb4 Rb2 43. b5 Kc7 44. h4 Bd3 45. Re7+ Kd6 46. Rd7+ Kc5
47. Rxd3 Rb1+ 48. Kg2 Rb4 49. Rd5+ Kb6 50. Rg5 Rd4 51. Rxg6 Kc5 52. Rg5+ Kb6 53.
Rxh5 Rd6 54. Rg5 Rh6 55. h5 Rh8 56. g4 Rh6 57. Rg6 Rxg6 58. hxg6 Kc5 59. g7 Kb6
60. g8=Q Kc5 61. Qd8 1-0

[Event "Titled Tue 3rd Jun Early"]
[Site "chess.com INT"]
[Date "2025.06.03"]
[Round "2"]
[White "Mizzi, Jack"]
[Black "Balavignan, Ashvin"]
[Result "1-0"]
[WhiteTitle "CM"]
[BlackTitle "CM"]
[WhiteElo "2086"]
[BlackElo "2023"]
[WhiteFideId "5602521"]
[BlackFideId "3261425"]
[EventDate "2025.06.03"]

1. d4 d5 2. c4 c6 3. Nf3 Nf6 4. Nbd2 e6 5. g3 Nbd7 6. Bg2 Bd6 7. O-O O-O 8. Qc2
b6 9. e4 dxe4 10. Nxe4 Nxe4 11. Qxe4 Bb7 12. Rd1 Qe7 13. Ne5 Bxe5 14. dxe5 Nc5
15. Qe2 a5 16. h4 h6 17. Rd6 Rfd8 18. Bf4 Na6 19. Rad1 a4 20. Bxc6 Bxc6 21. Rxc6
Qb7 22. Rcd6 Rxd6 23. exd6 Nc5 24. Be3 Nd7 25. Qc2 Qc6 26. b3 a3 27. b4 f6 28.
c5 bxc5 29. bxc5 Kf7 30. h5 f5 31. Rb1 Kf6 32. Qc3+ e5 33. Qc4 Ra4 34. Rb4 Rxb4
35. Qxb4 Qf3 36. Qxa3 Qd1+ 37. Kg2 f4 38. Bxf4 exf4 39. Qc3+ Ke6 40. c6 Qd5+ 41.
f3 Qxd6 42. c7 Nb6 43. c8=Q+ Nxc8 44. Qxc8+ Kf7 45. Qf5+ Kg8 46. Qxf4 Qa3 47.
Qc4+ Kh7 48. Qc2+ Kh8 49. Qc8+ Kh7 50. Qf5+ Kh8 51. Qc2 Qb4 52. a4 Qa5 53. Qa2
Kh7 54. g4 Kh8 55. Qc2 Kg8 56. Qc8+ Kh7 57. Qf5+ Qxf5 58. gxf5 1-0

[Event "Titled Tue 3rd Jun Early"]
[Site "chess.com INT"]
[Date "2025.06.03"]
[Round "2"]
[White "Devagharan, Devina"]
[Black "Shukhman, Anna"]
[Result "1/2-1/2"]
[WhiteTitle "WFM"]
[BlackTitle "WGM"]
[WhiteElo "1860"]
[BlackElo "2413"]
[WhiteFideId "2061600"]
[BlackFideId "54180058"]
[EventDate "2025.06.03"]

1. d4 d5 2. c4 e5 3. dxe5 Ne7 4. Nf3 Nbc6 5. g3 Be6 6. cxd5 Nxd5 7. Bg2 Ndb4 8.
Bd2 Nd4 9. Bxb4 Nxf3+ 10. exf3 Qxd1+ 11. Kxd1 Bxb4 12. Nc3 O-O-O+ 13. Kc2 Bf5+
14. Kb3 Bc5 15. Rad1 Bxf2 16. f4 Bg4 17. Rxd8+ Rxd8 18. Rf1 Bd4 19. Be4 h5 20.
Kc2 Be3 21. Bd3 Bd4 22. Nb5 Bb6 23. Nc3 c6 24. Ne4 Bc7 25. Nc3 b5 26. a3 a5 27.
b3 Rd4 28. Re1 g6 29. Re4 Rd8 30. Re1 Be6 31. Be4 Kb7 32. Nxb5 Bb8 33. Nc3 Ba7
34. Re2 Kc7 35. b4 axb4 36. axb4 Rb8 37. b5 cxb5 38. Bd5 b4 39. Bxe6 bxc3 40.
Bxf7 Bd4 41. Bxg6 Rb2+ 42. Kd3 Rxe2 43. Kxe2 Bg1 44. Bxh5 Bxh2 45. Kd3 Bxg3 46.
Kxc3 Bxf4 47. Kd4 Kd7 48. Ke4 Bxe5 1/2-1/2

[Event "Titled Tue 3rd Jun Early"]
[Site "chess.com INT"]
[Date "2025.06.03"]
[Round "2"]
[White "Jasinski, Alexander"]
[Black "Novikova, Marharyta"]
[Result "1-0"]
[BlackTitle "WCM"]
[WhiteElo "1964"]
[BlackElo "1969"]
[WhiteFideId "55627994"]
[BlackFideId "14109689"]
[EventDate "2025.06.03"]

1. e4 d5 2. exd5 Nf6 3. Nc3 Nxd5 4. Nxd5 Qxd5 5. d3 e5 6. Ne2 Nc6 7. Nc3 Bb4 8.
Bd2 Bxc3 9. Bxc3 Bf5 10. Qd2 O-O-O 11. f3 h5 12. b3 Kb8 13. O-O-O Nd4 14. Bxd4
exd4 15. Kb1 a5 16. g3 a4 17. Bg2 axb3 18. axb3 Rd6 19. Kb2 Re8 20. Ra1 Rde6 21.
f4 Qc5 22. Ra5 Qc3+ 23. Qxc3 dxc3+ 24. Kxc3 Bg4 25. Rb5 c6 26. Ra5 Re1 27. Rxe1
Rxe1 28. h3 Bd1 29. Kd2 Rg1 30. Be4 g6 31. Ra1 Rxg3 32. Rxd1 Rxh3 33. Rf1 Rh2+
34. Kc3 Kc7 35. f5 Kd6 36. fxg6 fxg6 37. Bxg6 h4 38. Rf5 Rg2 39. Bh7 h3 40. Rh5
Rg3 41. Bf5 b5 42. Rxh3 Rg5 43. Be4 Rc5+ 44. Kd2 b4 45. Rh6+ Kc7 46. Rxc6+ Rxc6
47. Bxc6 Kxc6 48. d4 Kd5 49. Kd3 Kc6 50. Kc4 Kd6 51. Kxb4 Kd5 52. c4+ Kxd4 53.
c5 1-0

[Event "Titled Tue 3rd Jun Early"]
[Site "chess.com INT"]
[Date "2025.06.03"]
[Round "2"]
[White "Ivashentseva, Dominika"]
[Black "Bozorov, Javohir"]
[Result "0-1"]
[WhiteTitle "WCM"]
[BlackTitle "FM"]
[WhiteElo "1921"]
[BlackElo "2093"]
[WhiteFideId "34331050"]
[BlackFideId "14216957"]
[EventDate "2025.06.03"]

1. d4 Nf6 2. c4 b6 3. Nc3 Bb7 4. Nf3 d6 5. g3 Nbd7 6. Bg2 e5 7. dxe5 dxe5 8. O-O
e4 9. Nd4 Bc5 10. Bg5 h6 11. Be3 O-O 12. a3 Ne5 13. b3 Qd7 14. Nc2 Bd6 15. Nd4
Neg4 16. Ndb5 Nxe3 17. fxe3 Be5 18. Qxd7 Nxd7 19. Rad1 Nf6 20. Rf5 Rfe8 21. Nd5
Nxd5 22. cxd5 g6 23. Rf2 a6 24. Nd4 Bxd5 25. b4 c6 26. Bh3 f5 27. g4 fxg4 28.
Bxg4 Rf8 29. Rdf1 Rxf2 30. Rxf2 Rf8 31. Ne6 Rxf2 32. Kxf2 Bxh2 33. Nd4 Kf7 34.
Bd7 c5 35. bxc5 bxc5 36. Nc6 Bd6 37. Na5 c4 38. Ba4 Bxa3 39. Nc6 Kf6 40. Nb8 a5
41. Nc6 c3 42. Nxa5 Bb4 43. Nb3 c2 44. Nc1 Bd2 45. Bxc2 Bxc1 0-1

[Event "Titled Tue 3rd Jun Early"]
[Site "chess.com INT"]
[Date "2025.06.03"]
[Round "2"]
[White "Zaw, Ye Htut"]
[Black "Madhesh Kumar S"]
[Result "1/2-1/2"]
[WhiteTitle "CM"]
[BlackTitle "CM"]
[WhiteElo "2180"]
[BlackElo "2243"]
[WhiteFideId "13013955"]
[BlackFideId "25168649"]
[EventDate "2025.06.03"]

1. e4 e5 2. Nf3 Nc6 3. Bb5 a6 4. Ba4 Nf6 5. d3 b5 6. Bb3 Bc5 7. O-O d6 8. a4 Rb8
9. axb5 axb5 10. h3 h6 11. Nc3 O-O 12. Ne2 Be6 13. c3 Bb6 14. Ng3 Bxb3 15. Qxb3
b4 16. Qc4 Qd7 17. d4 bxc3 18. bxc3 Rfe8 19. Re1 exd4 20. cxd4 d5 21. exd5 Rxe1+
22. Nxe1 Nxd4 23. Be3 Qxd5 24. Qd3 Qe5 25. Rb1 Rd8 26. Bxd4 Rxd4 27. Qc3 Nd5 28.
Qc6 Rd2 29. Nh1 Qf6 30. Qe8+ Kh7 31. Nf3 Ra2 32. Qe4+ Qg6 33. Re1 Qxe4 34. Rxe4
Ra1+ 35. Kh2 Nf6 36. Re7 Kg8 37. g3 Ra2 38. Kg2 Kf8 39. Re1 Nd5 40. Ne5 Ne3+ 41.
Kf3 Nd5 42. Nd7+ Kg8 43. Re8+ Kh7 44. Nf8+ Kg8 45. Ne6+ Kh7 46. Nf8+ Kh8 47.
Ne6+ Kh7 48. Nf8+ 1/2-1/2

[Event "Titled Tue 3rd Jun Early"]
[Site "chess.com INT"]
[Date "2025.06.03"]
[Round "2"]
[White "Nikulina, Alena"]
[Black "Dominguez, Ramiro"]
[Result "1-0"]
[WhiteTitle "WFM"]
[BlackTitle "FM"]
[WhiteElo "1875"]
[BlackElo "2185"]
[WhiteFideId "4172051"]
[BlackFideId "4420055"]
[EventDate "2025.06.03"]

1. e4 e5 2. Nf3 Nc6 3. Bb5 a6 4. Ba4 Nf6 5. O-O Be7 6. Re1 b5 7. Bb3 d6 8. c3
O-O 9. h3 Nb8 10. d4 Nbd7 11. Nbd2 Bb7 12. d5 Re8 13. Nf1 Bf8 14. Ng3 c6 15.
dxc6 Bxc6 16. Bc2 Qc7 17. a4 Qb7 18. a5 Nc5 19. Qe2 d5 20. exd5 Bxd5 21. Ng5 e4
22. h4 h6 23. Nh3 Nd3 24. Rd1 Bc5 25. Be3 Bc4 26. Bxc5 Nxc5 27. Qe3 Nd3 28. b3
Ng4 29. Qd2 Ndxf2 30. Nxf2 e3 31. Qd4 exf2+ 32. Kh1 Ne3 33. Be4 Qc7 34. Nh5 f6
35. Qxe3 f1=Q+ 36. Rxf1 Bxf1 37. Rxf1 Rad8 38. Nxf6+ gxf6 39. Qxh6 Qg7 40. Qf4
Re5 41. Bf5 Rde8 42. h5 Re1 43. Bg6 Rxf1+ 44. Qxf1 Rf8 45. c4 Qh6 46. cxb5 axb5
47. Qxb5 Qg5 48. Qc4+ Kg7 49. Qc7+ Rf7 50. Qxf7+ Kh8 51. Qh7# 1-0

[Event "Titled Tue 3rd Jun Early"]
[Site "chess.com INT"]
[Date "2025.06.03"]
[Round "2"]
[White "Scheglov, Gleb"]
[Black "Donoso Aguirre, Maximiliano"]
[Result "1-0"]
[WhiteTitle "FM"]
[BlackTitle "CM"]
[WhiteElo "2318"]
[BlackElo "2002"]
[WhiteFideId "34356266"]
[BlackFideId "3458920"]
[EventDate "2025.06.03"]

1. f4 d5 2. Nf3 Nf6 3. b3 c5 4. e3 Nc6 5. Bb2 e6 6. Bb5 Bd7 7. O-O Be7 8. Bxc6
Bxc6 9. Ne5 Qc7 10. d3 O-O-O 11. Nxf7 Bd6 12. Nxh8 Rxh8 13. Nd2 Rg8 14. Qe2 e5
15. fxe5 Bxe5 16. Bxe5 Qxe5 17. Nf3 Qe7 18. Rae1 Re8 19. b4 cxb4 20. Nd4 Qc5 21.
Qf3 Kc7 22. Qg3+ Kb6 23. a3 bxa3 24. Qxg7 Rxe3 25. Qxf6 Rxe1 26. Rxe1 Qc3 27.
Qf2 a2 28. Nb3+ Kc7 29. Qg3+ Kb6 30. Qe3+ Ka6 31. Ra1 Qxc2 32. Nc1 d4 33. Qf2
Qd1+ 34. Qf1 Qg4 35. Rxa2+ Kb6 36. Rb2+ Kc7 37. Nb3 Qg5 38. Rf2 Qe3 39. Nd2 Kb6
40. Nc4+ Kc5 41. Nxe3 dxe3 42. Re2 Kd4 43. Qf4+ Kxd3 44. Qxe3+ Kc4 45. Rc2+ Kd5
46. Rxc6 Kxc6 47. Qxa7 1-0

[Event "Titled Tue 3rd Jun Early"]
[Site "chess.com INT"]
[Date "2025.06.03"]
[Round "2"]
[White "Oparin, Grigoriy"]
[Black "Barp, Alberto"]
[Result "1-0"]
[WhiteTitle "GM"]
[BlackTitle "IM"]
[WhiteElo "2660"]
[BlackElo "2414"]
[WhiteFideId "24125890"]
[BlackFideId "872555"]
[EventDate "2025.06.03"]

1. d4 d5 2. Nf3 c5 3. e3 Nf6 4. b3 cxd4 5. exd4 g6 6. Bd3 Bg7 7. O-O O-O 8. Re1
Nc6 9. a3 Bg4 10. Bb2 Qc7 11. h3 Bxf3 12. Qxf3 e6 13. Nd2 Ne8 14. c3 Nd6 15. Qd1
e5 16. dxe5 Nxe5 17. Bf1 Rfd8 18. Rc1 Ne4 19. Rc2 Qb6 20. Re2 Nd3 21. Nxe4 dxe4
22. Qb1 Qxb3 23. Rxe4 b6 24. a4 Rac8 25. Re7 Bxc3 26. Bxd3 Rxd3 27. Qc1 Rc5 28.
Qh6 Rd8 29. Rce2 Rcc8 30. Bxc3 Qxc3 31. Rxa7 Qc1+ 32. Qxc1 Rxc1+ 33. Kh2 Rc4 34.
Kg3 Rd5 35. Ree7 Rf5 36. f3 h5 37. h4 Rc2 38. Reb7 Rb2 39. a5 Rf6 40. a6 Kg7 41.
Rc7 b5 42. Rab7 Ra2 43. a7 b4 44. Rxb4 Rf5 45. Rb8 Rfa5 46. Rbb7 Rf5 47. Rd7 g5
48. hxg5 Rxg5+ 49. Kf4 Rgxg2 50. Rxf7+ Kg6 51. Rfe7 h4 52. Re6+ Kh5 53. Rh7# 1-0

[Event "Titled Tue 3rd Jun Early"]
[Site "chess.com INT"]
[Date "2025.06.03"]
[Round "2"]
[White "Calvo Gonzalez, Jose Felix"]
[Black "Miserendino, Alfredo"]
[Result "1-0"]
[WhiteTitle "CM"]
[WhiteElo "2168"]
[BlackElo "2032"]
[WhiteFideId "54505615"]
[BlackFideId "101800"]
[EventDate "2025.06.03"]

1. e4 c5 2. Nf3 e6 3. d4 cxd4 4. Nxd4 Bc5 5. Nc3 Qb6 6. Be3 Nc6 7. Na4 Qa5+ 8.
c3 Bxd4 9. Bxd4 Nxd4 10. Qxd4 e5 11. Qb4 Qxb4 12. cxb4 Nf6 13. Bd3 d5 14. exd5
Nxd5 15. a3 O-O 16. O-O b6 17. Be4 Be6 18. Rfd1 Rad8 19. Rac1 Nf4 20. Nc3 Bb3
21. Rxd8 Rxd8 22. g3 Ne6 23. Nb5 a6 24. Na7 Nd4 25. Rc8 Rxc8 26. Nxc8 f5 27. Bb7
a5 28. Nxb6 axb4 29. axb4 Kf7 30. Nd7 Ke6 31. Nc5+ Kd6 32. Nxb3 Nxb3 33. f3 g5
34. Kf2 h6 35. h4 Nd4 36. Ke3 Nc2+ 37. Kd3 Nxb4+ 38. Kc4 Nc2 39. b4 Ne1 40. hxg5
hxg5 41. b5 Ng2 42. f4 exf4 43. Bxg2 fxg3 44. Kd4 1-0

[Event "Titled Tue 3rd Jun Early"]
[Site "chess.com INT"]
[Date "2025.06.03"]
[Round "2"]
[White "Gharibyan, Mamikon"]
[Black "Daulet, Alikhan"]
[Result "1-0"]
[WhiteTitle "GM"]
[BlackTitle "CM"]
[WhiteElo "2472"]
[BlackElo "2100"]
[WhiteFideId "13308300"]
[BlackFideId "13741632"]
[EventDate "2025.06.03"]

1. d4 d5 2. Nf3 Nf6 3. Bf4 c5 4. e3 Nc6 5. Nbd2 e6 6. c3 cxd4 7. exd4 Nh5 8. Be3
Bd6 9. Bb5 O-O 10. O-O Nf4 11. Re1 f6 12. Rc1 Bd7 13. Bf1 Kh8 14. a3 Ng6 15. c4
dxc4 16. Nxc4 Bc7 17. d5 exd5 18. Qxd5 Bg4 19. Qxd8 Raxd8 20. Red1 Bxf3 21. gxf3
Nh4 22. Be2 Nf5 23. b4 a6 24. h3 Ncd4 25. Kf1 Rfe8 26. Bd3 Nxe3+ 27. Nxe3 Bf4
28. Be4 b6 29. Rc4 Bxe3 30. fxe3 Nb5 31. Rxd8 Rxd8 32. Rc6 Rb8 33. a4 Na7 34.
Rc7 Nc8 35. Bb7 Nd6 36. Bxa6 h5 37. Ke2 h4 38. Rc6 Nf7 39. Rc8+ Rxc8 40. Bxc8
Nd6 41. Be6 g5 42. Kd3 Kh7 43. e4 Kg7 44. Kd4 Kf8 45. Kd5 Ke7 46. Bg4 Nf7 47.
Kc6 Ne5+ 48. Kxb6 f5 49. exf5 Kd6 50. a5 Nc6 51. b5 Nb4 52. a6 Nd5+ 53. Kb7 Kc5
54. a7 Nb6 55. f6 Kxb5 56. a8=Q Nxa8 57. Kxa8 Kc5 58. f7 1-0